000 01322nem0a2200277 4500
001 RU\NLR\BIBL_A\022104100
005 20260409065128.0
035 _a(NLR Aleph) 022104100
090 _a12755959
_c12755959
100 _a20231228d1960 |||y0rusy50 ca
101 0 _arus
102 _aRU
120 _abyy xx||
123 1 _aa
_b600000
200 1 _aАзәрбајҹан ССР
_bКарты
_eОрта мәктәб учун тәдрис хэритәси
_fХәритә 1960-ҹы илдә БҜХИ-нин Тбилиси хәритәчилик фабрики вә Азәрбајҹан ССР ЕА Ҹографиjа Институту тәрәфиндән тәртиб едилмишдир
_gРед.: Акопова К. С.
206 _a1:600 000, 6 км в 1 см
210 _aМосква
_cССРИ ҜJСMН БҜХИ
_d1961
215 _a1 к.
_cцв.
_d101х86 см
509 0 1 _7ca
_aАзербайджанская ССР
_92639610
_3RU\NLR\AUTH\5508638
607 _aАзербайджанская ССР
_jКарты учебные для средней школы
_9911793
_3RU\NLR\AUTH\6613419
608 _aАдминистративные карты
_3RU\NLR\AUTH\667834
_9901648
702 1 _aАкопова
_bК. С.
_4340
852 _aNLR
_bК
_j4-Кав 4/542
_m39830
942 _cMAP
980 _aNB